NBA Steal Leaders Since 2000 - Statistics

General Stats
  • This quiz has been taken 30 times
  • The average score is 12 of 26
Answer Stats
Year Players Steals % Correct
11-12 Chris Paul 152
86%
10-11 Chris Paul 188
86%
08-09 Chris Paul 216
86%
07-08 Chris Paul 217
86%
05-06 Chris Paul 175
86%
04-05 Allen Iverson 180
73%
02-03 Allen Iverson 225
73%
15-16 Stephen Curry 169
73%
14-15 Stephen Curry 163
73%
19-20 James Harden 125
59%
23-24 Shai Gilgeous-Alexander 150
59%
24-25 Dyson Daniels 229
55%
01-02 Jason Kidd 175
55%
16-17 John Wall 157
45%
18-19 Paul George 170
45%
21-22 Dejounte Murray 138
41%
23-24 De'Aaron Fox 150
36%
09-10 Rajon Rondo 189
36%
12-13 Mike Conley 174
18%
00-01 Doug Christie 183
14%
06-07 Shawn Marion 156
14%
03-04 Shawn Marion 167
14%
22-23 OG Anunoby 128
9%
20-21 T.J. McConnell 128
5%
17-18 Victor Oladipo 177
5%
13-14 Ricky Rubio 191
0%
No matching quizzes found
Score Distribution
Percent of People with Each Score
Percentile by Number Answered
Your Score History
You have not taken this quiz